Jude Law Movies Quiz Stats

 Plays Quiz Updated Jan 1, 2021

     
Support Sporcle.
Go Orange.
Score 0/51 Timer 10:00
0 Plays Today
Year Movie % Correct
2009Sherlock Holmes
84.2%
2004Alfie
69.1%
1999The Talented Mr. Ripley
63.1%
2018Fantastic Beasts: the Crimes of Grindelwald
62.5%
2004Lemony Snicket's A Series Of Unfortunate Events
61.9%
2011Hugo
54.4%
2011Sherlock Holmes: A Game of Shadows
54.2%
2001AI: Artificial Intelligence
52.6%
2019Captain Marvel
49.7%
2006The Holiday
48.8%
2009The Imaginarium Of Dr. Parnassus
45.1%
2001Enemy At The Gates
43%
2003Cold Mountain
40.2%
2004Closer
39.9%
2004The Aviator
37%
1997Gattaca
36.4%
2002Road To Perdition
33.8%
2014The Grand Budapest Hotel
32.3%
2015Spy
30%
2013Side Effects
30%
2004Sky Captain And The World Of Tomorrow
29.9%
2012Anna Karenina
29.7%
2011Contagion
27.2%
2017King Arthur: Legend of the Sword
25.9%
2010Repo Men
24.8%
2014Black Sea
20.5%
Year Movie % Correct
2004I Heart Huckabees
20.5%
2013Dom Hemingway
19.9%
2007Sleuth
19.5%
1997Wilde
19.5%
2016Genius
19%
2018Vox Lux
18.8%
2012Rise of the Guardians
17.8%
2020The Rhythm Section
17.2%
2020The Nest
16.8%
2019A Rainy Day in New York
16.1%
1999eXistenZ
16%
1997Midnight In The Garden Of Good And Evil
14.8%
2006All The King's Men
14.3%
2006Breaking And Entering
12.4%
1994Shopping
11.5%
2007My Blueberry Nights
11.2%
2011360
10.4%
1998Music From Another Room
9.7%
1997Bent
9.4%
1998The Wisdom Of Crocodiles
9.3%
2000Love, Honour, And Obey
9.3%
1998Final Cut
8.2%
2009Rage
8%
1996I Love You, I Love You Not
7.8%
1999Presence Of Mind
6.4%

From the Vault

Fight Club Clickable Rules

by druhutch

Movies 4m
I'm pretty sure we've broken two rules already.
Remove Ads.
Support Sporcle.
Get the best of Sporcle when you Go Orange. This ad-free experience offers more features, more stats, and more fun while also helping to support Sporcle. Thank you for becoming a member.

Show Comments

Extras

Top Quizzes Today


Score Distribution

Your Account Isn't Verified!

In order to create a playlist on Sporcle, you need to verify the email address you used during registration. Go to your Sporcle Settings to finish the process.

Report this User

Report this user for behavior that violates our Community Guidelines.

Details: